000
00274nam a2200109Ia 4500
008
230306s9999 xx 000 0 und d
041
_a
eng
100
_a
Shilpa Dongre
_9
120538
245
_a
Cyber Law and Its Applications
260
_b
Current Pub Mumbai
_c
2015
300
_a
454
999
_c
99665
_d
99665